000 00490nam a2200193Ia 4500
003 GCL
008 140319s9999 xx 000 0 eng d
040 _aGCL /
_cGCL
082 0 4 _a025.52
_bW C
100 1 _aWEBB, SYLVIA P
245 1 0 _aCREATING AN INFORMATION SERVICE /
_cWEBB, SYLVIA P
260 _a[S.N] :
_bASLIB ،
_c1996
300 _a134 P
650 0 4 _aLIBRARIES
650 0 4 _aCATALOGING
650 0 4 _aINFORMATION SERVICES
650 0 4 _aCLASSICAL FICTION
942 _2ddc
_cBK
999 _c15757
_d15757